000 00840cam a22002773a 4500
001 15385
003 PGUSA
005 20140828083329.0
008 050316s2005||||xxu|||||s|||||000 1 eng d
040 _aPGUSA
_beng
042 _adc
050 4 _aPS
100 1 _aAllen, James Lane,
_d1849-1925
245 1 2 _aA Cathedral Singer
_h[electronic resource] /
_cJames Lane Allen
260 _bProject Gutenberg,
_c2005
506 _aPublic domain in the USA.
516 _aElectronic text
653 _aSingers -- Fiction
653 _aCathedral of St. John the Divine (New York, N.Y.) -- Fiction
653 _aNew York (N.Y.) -- Fiction
653 _aMothers and sons -- Fiction
700 1 _aIvanowski, Sigismond de,
_d1875-
830 0 _aProject Gutenberg
_v15385
856 4 0 _uhttp://www.gutenberg.org/ebooks/15385
942 _cEB
999 _c244640
_d244640